[Event "Minsk Kupreichik Memorial op"]
[Site "Minsk"]
[Date "2023.04.24"]
[Round "6"]
[White "Kramich, Aliaksei"]
[Black "Unukouski, Aliaxandr"]
[Result "1-0"]
[WhiteElo "2040"]
[BlackElo "1461"]
[PlyCount "77"]
[EventDate "2023.04.21"]
[EventType "swiss"]
[EventRounds "7"]
[EventCountry "BLR"]
[SourceTitle "CBM 214 Extra"]
[Source "ChessBase"]
[SourceDate "2023.07.31"]
[SourceVersion "1"]
[SourceVersionDate "2023.07.31"]
[SourceQuality "1"]

1. e4 e6 2. d3 d5 3. Nd2 c5 4. g3 Bd7 5. Bg2 Bc6 6. Ngf3 Nd7 7. 0-0 Bd6 8. Re1 Ne7 9. c3 0-0 10. e5 Bc7 11. d4 b5 12. Nh4 Bb6 13. Qg4 Qe8 14. Ndf3 Ng6 15. Nxg6 fxg6 16. Bh3 Rf5 17. Nh4 a5 18. Nxf5 gxf5 19. Qh4 b4 20. g4 f4 21. Bxf4 cxd4 22. cxd4 Bxd4 23. Rad1 Bxb2 24. Bf1 Ba4 25. Rd3 Bc3 26. Bd2 d4 27. Bxc3 dxc3 28. Rh3 Bc2 29. f4 Qg6 30. Bg2 Rc8 31. Rg3 Nc5 32. f5 Qh6 33. Qe7 Qd2 34. f6 gxf6 35. exf6 Qh6 36. f7+ Kh8 37. Rf1 Bf5 38. gxf5 c2 39. Qe8+ 1-0